Changing instructional strategies / (Record no. 49725)
[ view plain ]
| 000 -LEADER | |
|---|---|
| fixed length control field | 00863nam a2200265 a 4500 |
| 001 - CONTROL NUMBER | |
| control field | 49725 |
| 003 - CONTROL NUMBER IDENTIFIER | |
| rucl marc code | BD-RjUL |
| 005 - DATE AND TIME OF LATEST TRANSACTION | |
| control field | 20211209054723.0 |
| 008 - FIXED-LENGTH DATA ELEMENTS--GENERAL INFORMATION | |
| fixed length control field | 160822s1977 enk b 001 0 eng |
| 035 ## - SYSTEM CONTROL NUMBER | |
| System control number | (BD-RjUL)49845 |
| 040 ## - CATALOGING SOURCE | |
| Original cataloging agency | DLC |
| Transcribing agency | DLC |
| Modifying agency | DLC |
| -- | BD-RjUL |
| Language of cataloging | eng |
| 041 ## - LANGUAGE CODE | |
| Language code of text/sound track or separate title | eng |
| 082 00 - DEWEY DECIMAL CLASSIFICATION NUMBER | |
| Classification number | 378.12 |
| Edition number | 23 |
| Author mark and year | CHA 1977 |
| 245 10 - TITLE STATEMENT | |
| Title | Changing instructional strategies / |
| Statement of responsibility, etc. | James O. Hammons, issue editor. |
| 260 ## - PUBLICATION, DISTRIBUTION, ETC. (IMPRINT) | |
| Place of publication, distribution, etc. | London : |
| Name of publisher, distributor, etc. | Jossey-Bass, |
| Date of publication, distribution, etc. | 1977 |
| 300 ## - PHYSICAL DESCRIPTION | |
| Pagination | xv, 95 p. ; |
| Size | 24 cm. |
| 650 #0 - SUBJECT ADDED ENTRY--TOPICAL TERM | |
| Topical term or geographic name as entry element | College teaching. |
| 9 (RLIN) | 149083 |
| Topical term or geographic name as entry element | Community colleges |
| Geographic subdivision | United States. |
| 9 (RLIN) | 149084 |
| Topical term or geographic name as entry element | Community college teaching |
| Geographic subdivision | United States. |
| 9 (RLIN) | 149085 |
| 700 1# - ADDED ENTRY--PERSONAL NAME | |
| Personal name | Hammons, James O. |
| 856 ## - ELECTRONIC LOCATION AND ACCESS | |
| Materials specified | New directions for community colleges |
| 942 ## - ADDED ENTRY ELEMENTS (KOHA) | |
| Source of classification or shelving scheme | Dewey Decimal Classification |
| Koha item type | Books |
| Lost status | Source of classification or shelving scheme | Damaged status | Not for loan | Collection code | Permanent Location | Current Location | Shelving location | Date acquired | Source of acquisition | Total Checkouts | Full call number | Date last seen | Copy number | Koha item type |
|---|---|---|---|---|---|---|---|---|---|---|---|---|---|---|
| Dewey Decimal Classification | Non-fiction | Central Library, University of Rajshahi | Central Library, University of Rajshahi | 15/06/1983 | Asia foundation | 378.12 CHA 1977 | 22/08/2016 | C-2 | Books |